Prognózování životního prostředí Expertní systémy

Enregistré dans:
Détails bibliographiques
Auteur principal: Štěrbáček, Zdeněk
Format: Livre
Langue:tchèque
Publié: Praha Ústředí vědeckých, technických a ekonomických informací 1990
Tags: Ajouter un tag
Pas de tags, Soyez le premier à ajouter un tag!

MARC

LEADER 00000nam a2200000 4500
001 c033482
005 20251204074936.2
041 0 |a cze 
044 |a CZ 
245 1 0 |a Prognózování životního prostředí  |b Expertní systémy  |c Zdeněk Štěrbáček 
264 1 |a Praha  |b Ústředí vědeckých, technických a ekonomických informací  |c 1990 
300 |a 72 s. 
100 1 |a Štěrbáček, Zdeněk